[Event "X Obert Int Vila de Canovelles 2007"]
[Site "Canovelles (Spain)"]
[Date "2007.04.13"]
[Round "5.4"]
[White "Molero Tejada, Santiago"]
[Black "Coll Enriques, Lluis"]
[Result "1-0"]
[WhiteElo "2019"]
[BlackElo "2197"]
[PlyCount "99"]
[EventDate "2007.03.09"]

1. d4 Nf6 2. c4 e6 3. a3 b6 4. Nc3 Bb7 5. Bf4 d6 6. e3 Nbd7 7. Nf3 Be7 8. Be2
O-O 9. O-O Re8 10. b4 a6 11. Qc2 Nh5 12. Bg3 Nxg3 13. hxg3 Nf6 14. Bd3 Rc8 15.
Ng5 g6 16. Rad1 Ng4 17. Nge4 Bf8 18. Be2 Nh6 19. Bf3 d5 20. cxd5 exd5 21. Nd2
Nf5 22. Bg4 Qg5 23. Bxf5 Qxf5 24. Qxf5 gxf5 25. Nb3 a5 26. bxa5 Bxa3 27. axb6
cxb6 28. Nb5 Bb4 29. Ra1 Rc3 30. Nxc3 Bxc3 31. Ra7 Re7 32. Rc1 Bb4 33. Rc2 f6
34. Nc1 Kf7 35. Nd3 Bd6 36. Nf4 Bb8 37. Raa2 Rd7 38. Rab2 Ba7 39. Rb5 Ke7 40.
Ra2 Bc6 41. Rb1 Kd6 42. Rba1 Bb8 43. Ra6 Rb7 44. Rb1 Ba7 45. Ne2 b5 46. Rc1 Bb6
47. Nc3 Kd7 48. Na2 Kd6 49. Nb4 Bd7 50. Rc5 1-0

[Event "X Obert Int Vila de Canovelles 2007"]
[Site "Canovelles (Spain)"]
[Date "2007.04.13"]
[Round "5.5"]
[White "Mas Recorda, Pere"]
[Black "Sadusea, Johnny"]
[Result "1-0"]
[WhiteElo "2016"]
[BlackElo "2156"]
[PlyCount "116"]
[EventDate "2007.03.09"]

1. f4 f5 2. Nf3 Nf6 3. e3 e6 4. b3 b6 5. Bb2 Bb7 6. Be2 Be7 7. O-O O-O 8. c4
Ne4 9. d3 Bf6 10. Qc2 Bxb2 11. Qxb2 Qf6 12. Qxf6 Nxf6 13. h3 Nc6 14. Nc3 a6 15.
Rad1 Nb4 16. Rd2 Rad8 17. a3 Nc6 18. Ne5 Nxe5 19. fxe5 Ne8 20. Bf3 Bxf3 21.
Rxf3 d6 22. exd6 Rxd6 23. e4 c5 24. e5 Rc6 25. d4 cxd4 26. Rxd4 Rc5 27. Na4
Rxe5 28. Nxb6 Re1+ 29. Kf2 Ra1 30. Nd7 Rf7 31. Ne5 Rc7 32. b4 Kf8 33. g4 g6 34.
g5 Ke7 35. Rfd3 Ra2+ 36. Kf3 Rh2 37. Kf4 Re2 38. c5 a5 39. c6 axb4 40. axb4 Nd6
41. Rxd6 Re4+ 42. Kf3 Rxe5 43. Rd7+ Rxd7 44. Rxd7+ Ke8 45. Rd6 Rd5 46. Rxe6+
Kd8 47. Rf6 Kc7 48. Rf7+ Kxc6 49. Rxh7 Kb5 50. h4 Kxb4 51. h5 gxh5 52. Rxh5 Rd4
53. Rh2 Rd8 54. Kf4 Rf8 55. g6 Kc5 56. g7 Rg8 57. Rg2 Kd6 58. Kxf5 Ke7 1-0

[Event "X Obert Int Vila de Canovelles 2007"]
[Site "Canovelles (Spain)"]
[Date "2007.04.13"]
[Round "5.7"]
[White "Bestard Borras, Miguel"]
[Black "Riera Trepat, Miguel Angel"]
[Result "1-0"]
[WhiteElo "2046"]
[BlackElo "1946"]
[PlyCount "89"]
[EventDate "2007.03.09"]

1. e4 e6 2. d3 d5 3. Nd2 Nf6 4. Ngf3 b6 5. g3 dxe4 6. dxe4 Bc5 7. Bb5+ c6 8.
Bd3 Ba6 9. Qe2 Bxd3 10. cxd3 O-O 11. O-O Nbd7 12. d4 Be7 13. b3 c5 14. Bb2 Rc8
15. Rac1 cxd4 16. Nxd4 Bc5 17. b4 Bxd4 18. Bxd4 Qe7 19. a3 Rfd8 20. e5 Ne8 21.
Ne4 f5 22. exf6 Nexf6 23. Ng5 Nf8 24. Rxc8 Rxc8 25. Re1 Re8 26. f4 h6 27. Nf3
Nd5 28. Ne5 Nd7 29. Ng6 Qf7 30. Ne5 Nxe5 31. Qxe5 Kf8 32. Qd6+ Kg8 33. Re5 Qe7
34. Qxe7 Rxe7 35. Kf2 Kf7 36. Ke2 Rc7 37. f5 Nc3+ 38. Kd3 Nb1 39. fxe6+ Ke7 40.
Bb2 Rc6 41. Re2 a5 42. bxa5 bxa5 43. a4 g6 44. Re1 Rd6+ 45. Kc2 1-0

[Event "X Obert Int Vila de Canovelles 2007"]
[Site "Canovelles (Spain)"]
[Date "2007.04.13"]
[Round "5.8"]
[White "Parra Bola, Jose M"]
[Black "Garcia Jimenez, Fransisco J"]
[Result "0-1"]
[WhiteElo "2143"]
[BlackElo "2309"]
[PlyCount "62"]
[EventDate "2007.03.09"]

1. e4 d5 2. exd5 Qxd5 3. Nc3 Qd6 4. d4 Nf6 5. h3 a6 6. Nf3 Nc6 7. Be3 Bf5 8.
Bc4 e6 9. Qe2 Qb4 10. Bb3 O-O-O 11. O-O-O Qa5 12. Nh4 Bb4 13. Nxf5 exf5 14. Nb1
Rhe8 15. Qf3 Ne4 16. d5 Ne7 17. Rd3 Kb8 18. Rhd1 g6 19. Nd2 Nc8 20. Nc4 Qb5 21.
d6 Ncxd6 22. Rd5 Qc6 23. Ne5 Rxe5 24. Rxe5 f6 25. Red5 Re8 26. a3 Bc5 27. Bxc5
Nxc5 28. Qc3 Nxb3+ 29. Qxb3 Re2 30. R5d2 Rxd2 31. Kxd2 Nc4+ 0-1

[Event "X Obert Int Vila de Canovelles 2007"]
[Site "Canovelles (Spain)"]
[Date "2007.04.13"]
[Round "5.9"]
[White "Molano Lafuente, Ismael"]
[Black "Alcazar Pascual, Luis"]
[Result "1-0"]
[WhiteElo "1913"]
[BlackElo "1978"]
[PlyCount "83"]
[EventDate "2007.03.09"]

1. e4 d5 2. exd5 Qxd5 3. Nc3 Qa5 4. d4 Nf6 5. Nf3 Nc6 6. Bb5 Bd7 7. O-O O-O-O
8. Bxc6 Bxc6 9. Ne5 Be8 10. Qd3 e6 11. Bd2 Qb6 12. Be3 c5 13. Rfd1 Qc7 14. Nb5
Bxb5 15. Qxb5 a6 16. Qa4 Nd5 17. c3 Bd6 18. Nf3 c4 19. Rac1 Kb8 20. b3 Rc8 21.
b4 Qc6 22. Qc2 b5 23. a4 Kb7 24. axb5 axb5 25. Ra1 Ra8 26. Ng5 Qc7 27. g3 h6
28. Ne4 h5 29. Nc5+ Bxc5 30. dxc5 h4 31. Qe4 hxg3 32. Rxd5 exd5 33. Qxd5+ Qc6
34. Qxf7+ Kc8 35. Rxa8+ Qxa8 36. Qe6+ Kb7 37. Qb6+ Kc8 38. Qe6+ Kb7 39. Qd7+
Ka6 40. Qd6+ Kb7 41. c6+ Ka6 42. Qc7 1-0

[Event "X Obert Int Vila de Canovelles 2007"]
[Site "Canovelles (Spain)"]
[Date "2007.04.20"]
[Round "6.1"]
[White "Herms Agullo, Jordi"]
[Black "Garcia Cano, Antonio"]
[Result "0-1"]
[WhiteElo "2128"]
[BlackElo "2295"]
[PlyCount "126"]
[EventDate "2007.03.09"]

1. e4 c5 2. Nf3 a6 3. c4 d6 4. d4 Nf6 5. Nc3 cxd4 6. Nxd4 Nc6 7. Be2 Nxd4 8.
Qxd4 g6 9. Nd5 Bg7 10. Nxf6+ Bxf6 11. Qd2 Be6 12. O-O O-O 13. Rb1 b5 14. cxb5
Bxa2 15. Ra1 axb5 16. Bxb5 Qb6 17. Bd3 Rfb8 18. Qf4 Qb3 19. Qd2 Qb6 20. g3 Bxb2
21. Bxb2 Qxb2 22. Qxb2 Rxb2 23. Bc4 Ra4 24. Rxa2 Raxa2 25. Bxa2 Rxa2 26. Kg2
Ra3 27. h4 h5 28. Rd1 Kg7 29. Rd5 Kf6 30. Rb5 Ke6 31. Rg5 Rc3 32. Rb5 Rc5 33.
Rb2 f5 34. Re2 Re5 35. exf5+ Kxf5 36. Rd2 Ra5 37. f3 d5 38. Re2 e5 39. Kf2 d4
40. Rb2 e4 41. fxe4+ Kxe4 42. Re2+ Kd3 43. Re6 g5 44. hxg5 Rf5+ 45. Kg2 Rxg5
46. Rf6 Re5 47. Kf1 Kd2 48. Rf2+ Kd1 49. Rf3 Re3 50. Rf4 d3 51. Kf2 Re2+ 52.
Kf3 Re8 53. Rf5 d2 54. Rxh5 Rd8 55. g4 Kc2 56. Rh2 Kc3 57. Rxd2 Rxd2 58. Ke4
Rg2 59. Kf5 Kd4 60. g5 Kd5 61. Kf6 Kd6 62. g6 Rf2+ 63. Kg7 Ke7 0-1

[Event "X Obert Int Vila de Canovelles 2007"]
[Site "Canovelles (Spain)"]
[Date "2007.04.20"]
[Round "6.2"]
[White "Lopez Santana, Oscar"]
[Black "Bestard Borras, Miguel"]
[Result "1/2-1/2"]
[WhiteElo "2227"]
[BlackElo "2046"]
[PlyCount "28"]
[EventDate "2007.03.09"]

1. e4 d5 2. exd5 Qxd5 3. Nc3 Qd6 4. d4 Nf6 5. Nf3 a6 6. Be2 Nc6 7. Be3 Bg4 8.
Qd2 O-O-O 9. O-O-O Qb4 10. h3 Bxf3 11. Bxf3 Nxd4 12. a3 Qc4 13. Bxd4 e5 14. Qe2
Qxe2 1/2-1/2

[Event "X Obert Int Vila de Canovelles 2007"]
[Site "Canovelles (Spain)"]
[Date "2007.04.20"]
[Round "6.3"]
[White "Rodriguez Barranco, Miquel A"]
[Black "Molero Tejada, Santiago"]
[Result "1-0"]
[WhiteElo "2105"]
[BlackElo "2019"]
[PlyCount "47"]
[EventDate "2007.03.09"]

1. e4 d6 2. d4 Nf6 3. Nc3 g6 4. Nf3 Bg7 5. Bg5 O-O 6. Qd2 b6 7. Bh6 Re8 8. Bxg7
Kxg7 9. O-O-O Ba6 10. h4 h5 11. Bxa6 Nxa6 12. Qe2 Qc8 13. e5 Ng4 14. e6 f5 15.
Ng5 Nb4 16. f3 Nh6 17. a3 Na6 18. Rdg1 c6 19. g4 fxg4 20. fxg4 hxg4 21. h5 gxh5
22. Rxh5 Rh8 23. Nf7 Nxf7 24. Qxg4+ 1-0

[Event "X Obert Int Vila de Canovelles 2007"]
[Site "Canovelles (Spain)"]
[Date "2007.04.20"]
[Round "6.4"]
[White "Garcia Jimenez, Fransisco J"]
[Black "Mas Recorda, Pere"]
[Result "1-0"]
[WhiteElo "2309"]
[BlackElo "2016"]
[PlyCount "41"]
[EventDate "2007.03.09"]

1. e4 e6 2. d4 d5 3. e5 c5 4. Qg4 cxd4 5. Nf3 Nc6 6. Bd3 Nb4 7. O-O Nxd3 8.
cxd3 g6 9. Bg5 Be7 10. Na3 Bd7 11. Rac1 h6 12. Bd2 Kf8 13. h4 h5 14. Qxd4 Nh6
15. Bxh6+ Rxh6 16. Qf4 Kg7 17. Ng5 f6 18. exf6+ Bxf6 19. Rc7 Bxg5 20. hxg5 Rh7
21. Rfc1 1-0

[Event "X Obert Int Vila de Canovelles 2007"]
[Site "Canovelles (Spain)"]
[Date "2007.04.20"]
[Round "6.5"]
[White "Bautista Ballester, Jordi"]
[Black "Molano Lafuente, Ismael"]
[Result "1-0"]
[WhiteElo "1863"]
[BlackElo "1913"]
[PlyCount "89"]
[EventDate "2007.03.09"]

1. e4 e6 2. d4 d5 3. Nd2 Be7 4. Bd3 c5 5. c3 Nc6 6. Ne2 Nf6 7. e5 Nd7 8. f4 Qb6
9. Nf3 f6 10. Qc2 f5 11. Qd1 a6 12. O-O Qa7 13. Kh1 b5 14. Be3 c4 15. Bc2 b4
16. Ng3 a5 17. Ba4 Bb7 18. Ng5 Bxg5 19. Qh5+ g6 20. Qxg5 Kf7 21. Ne2 Qb8 22. g4
Qd8 23. gxf5 exf5 24. Qg2 Ke6 25. Rf3 Ne7 26. Bf2 Bc6 27. Bc2 Nf8 28. Bh4 h6
29. Ng3 Kd7 30. Bf6 Rh7 31. Nxf5 gxf5 32. Bxf5+ Nxf5 33. Bxd8 Rxd8 34. Qh3 Ke6
35. Rg1 Be8 36. Rfg3 Rdd7 37. Rg8 Rdf7 38. cxb4 axb4 39. b3 Bc6 40. R1g6+ Nxg6
41. Rxg6+ Kd7 42. e6+ Kc7 43. exf7 Rxf7 44. Qh5 Rf8 45. Qe2 1-0

[Event "X Obert Int Vila de Canovelles 2007"]
[Site "Canovelles (Spain)"]
[Date "2007.04.27"]
[Round "7.1"]
[White "Garcia Cano, Antonio"]
[Black "Munoz Pantoja, Miguel"]
[Result "0-1"]
[WhiteElo "2295"]
[BlackElo "2479"]
[PlyCount "92"]
[EventDate "2007.03.09"]

1. e4 d5 2. exd5 Qxd5 3. Nf3 Bg4 4. Be2 Nc6 5. h3 Bh5 6. d4 O-O-O 7. c4 Qd6 8.
d5 Bxf3 9. Bxf3 Ne5 10. O-O e6 11. Nc3 Nxc4 12. dxe6 Qxd1 13. Bxd1 f5 14. Be2
Nb6 15. a4 a6 16. Be3 Nf6 17. Rac1 Nbd5 18. Nxd5 Nxd5 19. Ba7 Nf4 20. Bc4 Bd6
21. g3 Nxh3+ 22. Kg2 Ng5 23. f4 Ne4 24. e7 Rd7 25. Be6 g6 26. g4 Bxe7 27. g5
Bd6 28. Be3 Re8 29. Bxd7+ Kxd7 30. Rf3 b5 31. axb5 axb5 32. Rh1 c5 33. Rxh7+
Kc6 34. Rfh3 Kd5 35. Kf3 Ra8 36. Rg7 Ra2 37. Rxg6 Rxb2 38. Rg8 Rb3 39. g6 Ke6
40. Rh1 c4 41. Re8+ Kf6 42. Rg1 Rxe3+ 43. Kxe3 Bc5+ 44. Ke2 Bxg1 45. Rg8 Bc5
46. Kd1 b4 0-1

[Event "X Obert Int Vila de Canovelles 2007"]
[Site "Canovelles (Spain)"]
[Date "2007.04.27"]
[Round "7.2"]
[White "Rodriguez Barranco, Miquel A"]
[Black "Lopez Santana, Oscar"]
[Result "0-1"]
[WhiteElo "2105"]
[BlackElo "2227"]
[PlyCount "94"]
[EventDate "2007.03.09"]

1. e4 Nf6 2. e5 Nd5 3. c4 Nb6 4. d4 d6 5. exd6 cxd6 6. Nf3 g6 7. Be2 Bg7 8. Nc3
Nc6 9. O-O O-O 10. Be3 d5 11. b3 Bg4 12. c5 Nc8 13. Rc1 e6 14. h3 Bxf3 15. Bxf3
Qh4 16. Ne2 N8e7 17. Qd2 h6 18. Rcd1 Nf5 19. Rfe1 b6 20. g3 Qf6 21. Bg4 Nxe3
22. fxe3 h5 23. Bf3 bxc5 24. Rf1 Qe7 25. Kg2 cxd4 26. exd4 Rac8 27. Rfe1 Nb4
28. Rc1 Kh7 29. a3 Nc6 30. Qb2 Qg5 31. Rcd1 Ne7 32. Qd2 Qxd2 33. Rxd2 Nf5 34.
Kf2 Bh6 35. Rd3 Rc2 36. g4 hxg4 37. hxg4 Nd6 38. Rh1 Kg7 39. Rg1 Bg5 40. Rg2
Rh8 41. Ke1 Rh1+ 42. Kf2 Bh4+ 43. Ke3 Rf1 44. Nf4 Re1+ 45. Ne2 Ne4 46. g5 Bxg5+
47. Rxg5 Nxg5 0-1

[Event "X Obert Int Vila de Canovelles 2007"]
[Site "Canovelles (Spain)"]
[Date "2007.04.27"]
[Round "7.3"]
[White "Bestard Borras, Miguel"]
[Black "Bautista Ballester, Jordi"]
[Result "1/2-1/2"]
[WhiteElo "2046"]
[BlackElo "1863"]
[PlyCount "149"]
[EventDate "2007.03.09"]

1. e4 e6 2. d4 d5 3. Nd2 c5 4. Ngf3 Nf6 5. e5 Nfd7 6. c3 Nc6 7. Bd3 Qb6 8. O-O
cxd4 9. cxd4 Nxd4 10. Nxd4 Qxd4 11. Nf3 Qb6 12. Qa4 Be7 13. Be3 Qb4 14. Qc2 Nf8
15. a3 Qa5 16. b4 Qd8 17. Nd4 Bd7 18. f4 Ng6 19. Rf3 Rc8 20. Qe2 f5 21. exf6
Bxf6 22. Rh3 Nxf4 23. Bxf4 Bxd4+ 24. Re3 Bxe3+ 25. Bxe3 Qh4 26. Bf2 Qf6 27. Rf1
O-O 28. Qg4 Qh6 29. Bxa7 Rxf1+ 30. Bxf1 Rc1 31. Qg3 Bc6 32. Be3 Rxf1+ 33. Kxf1
Qf6+ 34. Qf4 e5 35. Qxf6 gxf6 36. g3 Kg7 37. Ke2 Kg6 38. Kd3 Kf5 39. Bh6 Bb5+
40. Kd2 Ke4 41. Bg7 f5 42. Bf6 h5 43. Bg7 d4 44. Bf6 Kd5 45. Bg7 e4 46. Bh6 Kc4
47. Kc2 Ba4+ 48. Kd2 Kb3 49. Bf8 Bb5 50. Bc5 d3 51. Be3 Kxa3 52. Kc3 Ka2 53. h4
Ka3 54. Bg5 Ka4 55. Bf4 Ba6 56. Bg5 Kb5 57. Bf4 Kc6 58. Kd4 b6 59. Bg5 Kd6 60.
Bf4+ Ke6 61. Bg5 Bb7 62. Bf4 Bc6 63. Bg5 f4 64. Bxf4 Kf5 65. Ke3 Kg4 66. Bd6
Kh3 67. b5 Bxb5 68. Bc7 Bc4 69. Bxb6 Kxg3 70. Bd8 Be6 71. Bg5 Bd5 72. Kd2 Kf2
73. Be3+ Kf3 74. Bg5 Kg4 75. Bf6 1/2-1/2

[Event "X Obert Int Vila de Canovelles 2007"]
[Site "Canovelles (Spain)"]
[Date "2007.04.27"]
[Round "7.4"]
[White "Mas Recorda, Pere"]
[Black "Coll Enriques, Lluis"]
[Result "0-1"]
[WhiteElo "2016"]
[BlackElo "2197"]
[PlyCount "66"]
[EventDate "2007.03.09"]

1. c4 e5 2. Nc3 Nc6 3. Nf3 g6 4. d4 exd4 5. Nxd4 Bg7 6. Nxc6 bxc6 7. e4 Qe7 8.
Bd3 Nf6 9. O-O O-O 10. Re1 d6 11. Bg5 Qe5 12. Qd2 Rb8 13. Bf4 Qa5 14. Rac1 Ng4
15. b3 Bd4 16. Nd1 Qc5 17. h3 Ne5 18. Bxe5 dxe5 19. Kh1 Be6 20. Ne3 Rfd8 21.
Rcd1 Rd7 22. f3 Rbd8 23. Qe2 Kg7 24. Ng4 h5 25. Nh2 Bf2 26. Rf1 Bg3 27. Bc2 Qa3
28. Rxd7 Rxd7 29. Bb1 Qd6 30. Qe3 c5 31. Qg5 Bf4 32. Qh4 Qd2 33. g3 Bg5 0-1

[Event "X Obert Int Vila de Canovelles 2007"]
[Site "Canovelles (Spain)"]
[Date "2007.04.27"]
[Round "7.5"]
[White "Gomez Benitez, David"]
[Black "Riera Trepat, Miguel Angel"]
[Result "0-1"]
[WhiteElo "2109"]
[BlackElo "1946"]
[PlyCount "80"]
[EventDate "2007.03.09"]

1. e4 g6 2. d4 Bg7 3. Nc3 d6 4. Be2 a6 5. Be3 b5 6. f4 Bb7 7. Nf3 b4 8. Nd5 a5
9. f5 gxf5 10. Nf4 fxe4 11. Ng5 Nf6 12. Nge6 fxe6 13. Nxe6 Qc8 14. Nxg7+ Kd8
15. O-O Rg8 16. Bg5 Rxg7 17. Rxf6 Nd7 18. Bg4 Rxg5 19. Rf8+ Nxf8 20. Bxc8 Bxc8
21. Qd2 Rf5 22. Re1 d5 23. c4 bxc3 24. Qxc3 Ra6 25. Rc1 Ne6 26. Qg3 Rb6 27. b3
Rb4 28. Qg8+ Rf8 29. Qxh7 a4 30. Qh5 Rxd4 31. Qe5 axb3 32. axb3 Rd3 33. h4 Rg8
34. Rc2 e3 35. b4 d4 36. g3 Rd1+ 37. Kg2 d3 38. Ra2 Bb7+ 39. Kh3 e2 40. Rxe2
dxe2 0-1

[Event "X Obert Int Vila de Canovelles 2007"]
[Site "Canovelles (Spain)"]
[Date "2007.05.04"]
[Round "8.1"]
[White "Lopez Santana, Oscar"]
[Black "Munoz Pantoja, Miguel"]
[Result "1/2-1/2"]
[WhiteElo "2227"]
[BlackElo "2479"]
[PlyCount "34"]
[EventDate "2007.03.09"]

1. Nc3 c5 2. e4 Nc6 3. f4 g6 4. Nf3 Bg7 5. Bb5 Nd4 6. Nxd4 cxd4 7. Ne2 a6 8.
Bc4 e6 9. d3 Ne7 10. Bb3 O-O 11. O-O d5 12. e5 f6 13. Nxd4 fxe5 14. fxe5 Rxf1+
15. Qxf1 Bxe5 16. Nf3 Bg7 17. d4 Nc6 1/2-1/2

[Event "X Obert Int Vila de Canovelles 2007"]
[Site "Canovelles (Spain)"]
[Date "2007.05.04"]
[Round "8.2"]
[White "Coll Enriques, Lluis"]
[Black "Garcia Cano, Antonio"]
[Result "1-0"]
[WhiteElo "2197"]
[BlackElo "2295"]
[PlyCount "81"]
[EventDate "2007.03.09"]

1. e4 e5 2. Nc3 Nf6 3. Bc4 Nc6 4. d3 Na5 5. Nge2 Nxc4 6. dxc4 Bb4 7. Qd3 Bxc3+
8. Nxc3 d6 9. f3 Nh5 10. Be3 O-O 11. g4 Nf4 12. Bxf4 exf4 13. h4 a6 14. O-O-O
Be6 15. b3 b5 16. cxb5 axb5 17. Qxb5 c6 18. Qg5 Qb6 19. Qxf4 Qb4 20. Qe3 d5 21.
exd5 Qa3+ 22. Kb1 Bxd5 23. Rd3 Rfb8 24. Qc1 Qa7 25. h5 h6 26. Qb2 Bc4 27. Rdd1
Qe3 28. g5 Qxg5 29. Ne4 Qe7 30. Rhg1 f6 31. Rd7 Qf8 32. Rgxg7+ Qxg7 33. Rxg7+
Kxg7 34. Qxf6+ Kg8 35. Nd6 Bd5 36. Nf5 Rb7 37. Qg6+ Kh8 38. Qf6+ Kg8 39. Nxh6+
Kh7 40. Ng4 Rg7 41. Qh6+ 1-0

[Event "X Obert Int Vila de Canovelles 2007"]
[Site "Canovelles (Spain)"]
[Date "2007.05.04"]
[Round "8.3"]
[White "Riera Trepat, Miguel Angel"]
[Black "Rodriguez Barranco, Miquel A"]
[Result "1-0"]
[WhiteElo "1946"]
[BlackElo "2105"]
[PlyCount "81"]
[EventDate "2007.03.09"]

1. d4 Nf6 2. Nf3 g6 3. g3 Bg7 4. Bg2 O-O 5. O-O d6 6. c4 Nbd7 7. Nc3 c5 8. e4
cxd4 9. Nxd4 Ne5 10. b3 Qb6 11. Na4 Qc7 12. h3 Bd7 13. Nc3 Rad8 14. Be3 a6 15.
Rc1 e6 16. Qd2 Qb8 17. Rfd1 Ne8 18. f4 Nc6 19. Nf3 b5 20. c5 b4 21. Na4 Nf6 22.
cxd6 Nxe4 23. Qd3 Nxg3 24. Bb6 Rc8 25. Bc7 Qa7+ 26. Kh2 Nf5 27. Nb6 Rxc7 28.
dxc7 Qxc7 29. Nxd7 Qxf4+ 30. Kg1 Rc8 31. Rc4 Qh6 32. Qe4 Nfe7 33. Nb6 Rb8 34.
Nd7 Rb5 35. Rxc6 Nxc6 36. Qxc6 Qe3+ 37. Kh1 h6 38. Qc8+ Kh7 39. Nf8+ Bxf8 40.
Qxf8 Rf5 41. Rd8 1-0

[Event "X Obert Int Vila de Canovelles 2007"]
[Site "Canovelles (Spain)"]
[Date "2007.05.04"]
[Round "8.4"]
[White "Bautista Ballester, Jordi"]
[Black "Molero Tejada, Santiago"]
[Result "1/2-1/2"]
[WhiteElo "1863"]
[BlackElo "2019"]
[PlyCount "152"]
[EventDate "2007.03.09"]

1. e4 g6 2. d4 Bg7 3. Bc4 d6 4. Nf3 Nf6 5. e5 dxe5 6. Nxe5 O-O 7. O-O Nfd7 8.
f4 a5 9. a3 Nb6 10. Ba2 e6 11. c4 N8d7 12. Nc3 c5 13. Be3 Nxe5 14. dxe5 Nd7 15.
Ne4 b6 16. Bd2 Bb7 17. Nd6 Qc7 18. Bc3 Rfd8 19. Qg4 Bf8 20. Nb5 Qc6 21. Rae1 h5
22. Qg3 Be7 23. Bb1 Bh4 24. Qh3 Bxe1 25. Rxe1 Nf8 26. Nd6 Rxd6 27. Be4 Qd7 28.
Bxb7 Rd3 29. Bf3 Rd8 30. g4 Qc6 31. Kg2 Rd2+ 32. Kh1 R2d3 33. Kg2 Rxf3 34. Qxf3
Qxf3+ 35. Kxf3 hxg4+ 36. Kxg4 Rd3 37. h4 Kg7 38. Rg1 Kh6 39. Rh1 Kg7 40. h5
gxh5+ 41. Rxh5 Ng6 42. f5 exf5+ 43. Rxf5 Kg8 44. Rf6 Re3 45. Rxb6 Nxe5+ 46. Kf4
Nxc4 47. Rb8+ Kh7 48. Bxa5 Re2 49. Bc3 Nd6 50. Be5 Re4+ 51. Kg5 Rxe5+ 52. Kf6
Re6+ 53. Kg5 f6+ 54. Kh5 Re5+ 55. Kg4 Re4+ 56. Kf3 Kg6 57. Rd8 Rd4 58. a4 Kf5
59. a5 Rd3+ 60. Ke2 c4 61. a6 Nb5 62. Rxd3 cxd3+ 63. Kxd3 Kf4 64. Kc4 Na7 65.
Kc5 Ke3 66. Kb6 Nc8+ 67. Kb7 Nd6+ 68. Kc7 Nb5+ 69. Kb6 Nd6 70. Kc6 Nc8 71. b4
f5 72. b5 f4 73. Kc7 f3 74. Kxc8 f2 75. a7 f1=Q 76. a8=Q Qxb5 1/2-1/2

[Event "X Obert Int Vila de Canovelles 2007"]
[Site "Canovelles (Spain)"]
[Date "2007.05.04"]
[Round "8.5"]
[White "Molano Lafuente, Ismael"]
[Black "Bestard Borras, Miguel"]
[Result "0-1"]
[WhiteElo "1913"]
[BlackElo "2046"]
[PlyCount "52"]
[EventDate "2007.03.09"]

1. e4 c5 2. Nf3 Nf6 3. e5 Nd5 4. Nc3 Nxc3 5. dxc3 Nc6 6. Bf4 e6 7. Qd2 Qc7 8.
O-O-O a6 9. h4 b5 10. g4 Bb7 11. Bg2 Ne7 12. Rhe1 h6 13. Bh1 O-O-O 14. Bg3 Nd5
15. Qe2 Nb6 16. Nd2 Bxh1 17. Rxh1 d5 18. exd6 Bxd6 19. Ne4 Bxg3 20. fxg3 Rd5
21. g5 Rhd8 22. Rxd5 Rxd5 23. Rd1 Qe5 24. Qe3 Nc4 25. Rxd5 exd5 26. Qxc5+ Kb7
0-1

[Event "X Obert Int Vila de Canovelles 2007"]
[Site "Canovelles (Spain)"]
[Date "2007.05.04"]
[Round "8.6"]
[White "Herms Agullo, Jordi"]
[Black "Garcia Jimenez, Fransisco J"]
[Result "1/2-1/2"]
[WhiteElo "2128"]
[BlackElo "2309"]
[PlyCount "62"]
[EventDate "2007.03.09"]

1. e4 d5 2. Nc3 dxe4 3. Nxe4 Qd5 4. Nc3 Qa5 5. Rb1 e5 6. Bc4 Nf6 7. Nge2 c6 8.
O-O b5 9. Bb3 b4 10. Na4 c5 11. c3 Bd7 12. cxb4 cxb4 13. d4 Bd6 14. dxe5 Bxe5
15. Bf4 O-O 16. Bxe5 Qxe5 17. Re1 Na6 18. Ng3 Qb5 19. Qd4 Rfe8 20. Rxe8+ Rxe8
21. Qxa7 Qd3 22. Rd1 Qxd1+ 23. Bxd1 Re1+ 24. Nf1 Bb5 25. Be2 Rxe2 26. Qb6 Bc4
27. Qc6 Bd3 28. Qf3 Bb5 29. Qb7 Bd3 30. Qf3 Bb5 31. Qb7 Bd3 1/2-1/2

[Event "X Obert Int Vila de Canovelles 2007"]
[Site "Canovelles (Spain)"]
[Date "2007.05.04"]
[Round "8.7"]
[White "Melich Martinez, Josep"]
[Black "Gomez Benitez, David"]
[Result "0-1"]
[WhiteElo "1893"]
[BlackElo "2109"]
[PlyCount "90"]
[EventDate "2007.03.09"]

1. d4 d5 2. c4 c6 3. Nf3 e6 4. Nc3 dxc4 5. e3 b5 6. a4 Bb4 7. axb5 cxb5 8. Ne5
Bb7 9. Bd2 Bxc3 10. Bxc3 a5 11. Qg4 Qf6 12. Rxa5 Rxa5 13. Bxa5 Nh6 14. Qg3 O-O
15. Bc7 Qe7 16. Bxb8 Nf5 17. Qf4 g5 18. Qg4 Rxb8 19. Nf3 f6 20. Be2 Qb4+ 21.
Kf1 Ra8 22. Kg1 Qxb2 23. Bf1 Ra1 24. h4 Qe2 25. Kh2 Bxf3 26. Bxe2 Rxh1+ 27.
Kxh1 Bxg4 28. Bxg4 c3 29. Bd1 Nxh4 30. Kg1 Nf5 31. Kf1 Nd6 32. Ke2 Nc4 33. Bb3
Kf7 34. Kd3 h5 35. Kxc3 h4 36. Bd1 f5 37. Kb4 Nd6 38. f3 Nc4 39. e4 Ne3 40. Bb3
fxe4 41. fxe4 Nxg2 42. Bd1 Ne3 43. Bh5+ Ke7 44. Kxb5 g4 45. d5 h3 0-1

[Event "X Obert Int Vila de Canovelles 2007"]
[Site "Canovelles (Spain)"]
[Date "2007.05.11"]
[Round "9.1"]
[White "Riera Trepat, Miguel Angel"]
[Black "Lopez Santana, Oscar"]
[Result "1/2-1/2"]
[WhiteElo "1946"]
[BlackElo "2227"]
[PlyCount "30"]
[EventDate "2007.03.09"]

1. d4 e6 2. c4 Bb4+ 3. Bd2 Qe7 4. g3 Nc6 5. Nf3 Nf6 6. a3 Bxd2+ 7. Qxd2 a5 8.
d5 Nb8 9. Bg2 d6 10. O-O e5 11. Nc3 a4 12. Ng5 Nbd7 13. f4 O-O 14. Nge4 Nxe4
15. Bxe4 Nc5 1/2-1/2

[Event "X Obert Int Vila de Canovelles 2007"]
[Site "Canovelles (Spain)"]
[Date "2007.05.11"]
[Round "9.2"]
[White "Munoz Pantoja, Miguel"]
[Black "Coll Enriques, Lluis"]
[Result "1-0"]
[WhiteElo "2479"]
[BlackElo "2197"]
[PlyCount "55"]
[EventDate "2007.03.09"]

1. e4 e5 2. Nf3 d6 3. d4 Nd7 4. Bc4 c6 5. O-O Be7 6. dxe5 dxe5 7. Ng5 Bxg5 8.
Qh5 Qe7 9. Bxg5 Ngf6 10. Qh4 O-O 11. Nd2 h6 12. Be3 Nb6 13. Bd3 Be6 14. h3 Nfd5
15. Qxe7 Nxe7 16. a4 Nd7 17. a5 f6 18. Rfd1 Kf7 19. Be2 Nc8 20. Nb3 Ne7 21. Rd6
Rfc8 22. Rad1 Bxb3 23. Rxd7 Bxc2 24. Bc5 Re8 25. Bc4+ Kf8 26. Rxe7 Rxe7 27. Rd7
Rae8 28. Rxb7 1-0

[Event "X Obert Int Vila de Canovelles 2007"]
[Site "Canovelles (Spain)"]
[Date "2007.05.11"]
[Round "9.3"]
[White "Molero Tejada, Santiago"]
[Black "Bestard Borras, Miguel"]
[Result "0-1"]
[WhiteElo "2019"]
[BlackElo "2046"]
[PlyCount "56"]
[EventDate "2007.03.09"]

1. d4 f5 2. c4 Nf6 3. Nc3 d6 4. Nf3 g6 5. h3 Bg7 6. Bf4 O-O 7. Rc1 Qe8 8. b4 a5
9. b5 Nbd7 10. Qd2 e5 11. Bh6 Ne4 12. Nxe4 fxe4 13. Bxg7 Kxg7 14. Ng5 Nf6 15.
dxe5 Qxe5 16. f4 exf3 17. Nxf3 Qg3+ 18. Kd1 Bf5 19. Qg5 Qf2 20. Qh4 Ne4 21. g4
Be6 22. Qe7+ Kh8 23. Qxe6 Rae8 24. Qd5 Rxf3 25. Kc2 Rc3+ 26. Kb2 Rxc1 27. Kxc1
Qe3+ 28. Kc2 Qc3+ 0-1

[Event "X Obert Int Vila de Canovelles 2007"]
[Site "Canovelles (Spain)"]
[Date "2007.05.11"]
[Round "9.4"]
[White "Garcia Cano, Antonio"]
[Black "Bautista Ballester, Jordi"]
[Result "1-0"]
[WhiteElo "2295"]
[BlackElo "1863"]
[PlyCount "45"]
[EventDate "2007.03.09"]

1. e4 e6 2. d4 d5 3. Bd3 c5 4. exd5 cxd4 5. Bb5+ Bd7 6. dxe6 fxe6 7. Bc4 Nc6 8.
Nf3 Bc5 9. O-O Qc7 10. Ng5 Nd8 11. Qh5+ g6 12. Qe2 Nf6 13. Bxe6 Bxe6 14. Nxe6
Nxe6 15. Qxe6+ Qe7 16. Qc4 Kd8 17. Bg5 Rf8 18. Nd2 Rc8 19. Rae1 Qd7 20. Nb3 Be7
21. Qxd4 Rxc2 22. Rxe7 Kxe7 23. Qe4+ 1-0